| 000 | 01252nam0a2200313 4500 | ||
|---|---|---|---|
| 001 | RU\NLR\bibl\1173647 | ||
| 005 | 20250615090202.0 | ||
| 010 |
_a5-201-15007-1 _9100 |
||
| 021 |
_aRU _b2007-80786 _94351 |
||
| 035 | _a(NLR Aleph) 001160314 | ||
| 090 |
_a1533347 _c1533347 |
||
| 100 | _a20080109d2007 |||y0rusy50 ca | ||
| 101 | 0 | _arus | |
| 102 | _aRU | ||
| 105 | _aa ||||||||| | ||
| 200 | 1 |
_aОрганизационные структуры массового обслуживания _fА.П. Шабанова, А.Г. Беляков _gРос. акад. наук, Ин-т пробл. упр. им. В.А. Трапезникова |
|
| 210 |
_aМосква _cИнститут проблем управления _d2007 |
||
| 215 |
_a99 с. _cил. _d21 |
||
| 320 | _aБиблиогр.: с. 93-99 (92 назв.) | ||
| 606 | 1 |
_aСфера услуг _xОрганизация _xМатематическое моделирование _92506777 _3RU\NLR\auth\661486378 |
|
| 686 | _aУ49(0)-801в611 | ||
| 700 | 1 |
_aШабанов _bА. П. _4070 |
|
| 701 | 1 |
_aБеляков _bА. Г. _4070 |
|
| 801 | 0 |
_aRU _bNLR _c20080109 _gRCR |
|
| 801 | 1 |
_aRU _bNLR _c20080109 |
|
| 830 | _aАвт. не раскрыть | ||
| 942 | _cBOOK | ||
| 980 | _aNB | ||